Dr. Dolittle 3: (Record no. 15280)

MARC details
000 -LEADER
fixed length control field 03031ngm a2200457 4500
003 - CONTROL NUMBER IDENTIFIER
control field dpl
005 - DATE AND TIME OF LATEST TRANSACTION
control field 20080723110517.0
007 - PHYSICAL DESCRIPTION FIXED FIELD--GENERAL INFORMATION
fixed length control field dvd
008 - FIXED-LENGTH DATA ELEMENTS--GENERAL INFORMATION
fixed length control field ||||||sp199 xxu|||||c|||| 00| 0 eng d
010 ## - LIBRARY OF CONGRESS CONTROL NUMBER
LC control number DVD-000217-219 & DVD-005337-5341
024 ## - OTHER STANDARD IDENTIFIER
Standard number or code 30021
Terms of availability 499.00, 299.00 (Revised Price)
035 ## - SYSTEM CONTROL NUMBER
System control number DVD-000217-219
035 ## - SYSTEM CONTROL NUMBER
System control number DVD-005337-5341
040 ## - CATALOGING SOURCE
Original cataloging agency DPL
Transcribing agency DPL
082 ## - DEWEY DECIMAL CLASSIFICATION NUMBER
Classification number DVD / DISN
245 ## - TITLE STATEMENT
Title Dr. Dolittle 3:
Statement of responsibility, etc Twentieth Century Fox Presents
Medium [videorecording] DVD/
Remainder of title Like father, Like Daughter
250 ## - EDITION STATEMENT
Edition statement Special Edition
260 ## - PUBLICATION, DISTRIBUTION, ETC. (IMPRINT)
Name of publisher, distributor, etc Twentieth Century Fox
Place of publication, distribution, etc Taiwan
300 ## - PHYSICAL DESCRIPTION
Extent 1 videodisc DVD; (85 min.) :
Other physical details sd., col. ;
Dimensions 4 3/4 in.
Type of unit DVD
500 ## - GENERAL NOTE
General note Commentary by Rich Throne and Kayla Pratt
500 ## - GENERAL NOTE
General note Sole Distributor in India M/s. Excel Productions Autio Visuals Pvt. Ltd.
538 ## - SYSTEM DETAILS NOTE
System details note Dolby Digital 5.1-English, Thai Subtitles: English, Contonese, Korean, Mandarin, Thai
538 ## - SYSTEM DETAILS NOTE
System details note Aspect Ratio: 1.85:1, Presentation type: Full Screne, Presentation Size 16x9, Format DVD 9 Dual Layer Single Sided Disc.
650 ## - SUBJECT ADDED ENTRY--TOPICAL TERM
Topical term or geographic name as entry element Motion Picture
700 ## - ADDED ENTRY--PERSONAL NAME
Personal name Prati, Kyla
700 ## - ADDED ENTRY--PERSONAL NAME
Personal name Wilson, Kristen
700 ## - ADDED ENTRY--PERSONAL NAME
Personal name Amos, John
700 ## - ADDED ENTRY--PERSONAL NAME
Personal name Lennertz, Christopher
700 ## - ADDED ENTRY--PERSONAL NAME
Personal name Dolphin, Connie
942 ## - ADDED ENTRY ELEMENTS (KOHA)
Koha item type CD-ROMs, DVDs, VHS
Source of classification or shelving scheme Dewey Decimal Classification
Classification part DVD
Call number suffix DRDO
Holdings
Withdrawn status Lost status Source of classification or shelving scheme Damaged status Not for loan Home library Current library Date acquired Source of acquisition Cost, normal purchase price Total Checkouts Total Renewals Full call number Barcode Date last seen Date checked out Copy number Cost, replacement price Price effective from Koha item type
    Dewey Decimal Classification     Central Library Central Library 02/09/2008 Purchase 499.00 14 1 DVD DRDO DVD-000217 26/11/2013 12/11/2013 1 499.00 15/09/2008 CD-ROMs, DVDs, VHS
    Dewey Decimal Classification     Janak Puri Janak Puri 16/12/2009 Pioneers/885/29-10-09/325/13-10-09 /06-11-09 299.00 16   DVD DRDO DVD-005337 18/03/2013 28/02/2013 1 299.00 16/12/2009 CD-ROMs, DVDs, VHS
    Dewey Decimal Classification     Karol Bagh Karol Bagh 16/12/2009 Pioneers/885/29-10-09/325/13-10-09 /06-11-09 299.00 5 1 DVD DRDO DVD-005340 21/06/2014 11/06/2014 1 299.00 16/12/2009 CD-ROMs, DVDs, VHS
    Dewey Decimal Classification     Narela Narela 16/12/2009 Pioneers/885/29-10-09/325/13-10-09 /06-11-09 299.00 5 1 DVD DRDO DVD-005341 29/03/2012 26/03/2012 1 299.00 16/12/2009 CD-ROMs, DVDs, VHS
    Dewey Decimal Classification     Patel Nagar Patel Nagar 02/09/2008 Purchase 499.00 18   DVD DRDO DVD-000219 19/10/2013 12/10/2013 1 499.00 15/09/2008 CD-ROMs, DVDs, VHS
    Dewey Decimal Classification     R.K.Puram-8 R.K.Puram-8 16/12/2009 Pioneers/885/29-10-09/325/13-10-09 /06-11-09 299.00 14 1 DVD DRDO DVD-005338 14/10/2017 20/09/2017 1 299.00 16/12/2009 CD-ROMs, DVDs, VHS
    Dewey Decimal Classification     Sarojini Nagar Sarojini Nagar 02/09/2008 Purchase 499.00 38 1 DVD DRDO DVD-000218 23/06/2015 10/06/2015 1 499.00 15/09/2008 CD-ROMs, DVDs, VHS
    Dewey Decimal Classification     Vinoba Puri Vinoba Puri 16/12/2009 Pioneers/885/29-10-09/325/13-10-09 /06-11-09 299.00 10   DVD DRDO DVD-005339 28/05/2014 09/06/2011 1 299.00 16/12/2009 CD-ROMs, DVDs, VHS

© Delhi Public Library
Hit Counter
free hit counter